000 01116nam a2200277 i 4500
999 _c13298
_d13298
001 IT\ICCU\CFI\0100215
003 ItRI
005 20241127092113.0
008 890826s1987 it |||||| ||||| |||||c
015 _2IT
_a89-7605
020 _a8885857191
040 _bita
_cIUSTO
041 7 _aita
_2ISO-639-2
082 _a361.323
_219
100 1 _aMucchielli, Roger
_0IT\ICCU\CFIV\063372
_4aut
240 1 2 _aL'entretien de face à face dans la relation d'aide
_9Mucchielli, Roger
245 1 0 _aApprendere il counseling :
_bmanuale pratico di autoformazione alla relazione e al colloquio d'aiuto /
_cRoger Mucchielli ; introduzione e cura di Fabio Folgheraiter.
260 _aTrento :
_bCentro studi M. H. Erickson,
_c©1987
300 _aXIX, 83, 68 p. ;
_c24 cm
500 _aSegue, rovesciando il vol.: Esercizi pratici
500 _aTrad. di Bruno Bortoli.
650 7 _aAssistenza sociale
700 1 _aFolgheraiter, Fabio
_0IT\ICCU\CFIV\039044
830 0 _aMetodi e tecniche del lavoro sociale
_0IT\ICCU\CFI\0061518
982 1 _6z01
_an
942 _2ddc
_cBK
981 1 _6z01
_ai
_bxxxe